| 000 | 00671nam a2200253Ia 4500 | ||
|---|---|---|---|
| 005 | 20260121153849.0 | ||
| 008 | 008 260114s9999 xx 000 0 eng d | ||
| 020 | _a9780203773321 | ||
| 037 | _aEBOOK | ||
| 040 | _aCRL | ||
| 040 | _beng | ||
| 040 | _cCRL | ||
| 041 | _2eng | ||
| 041 | _aeng | ||
| 084 | _qCRL | ||
| 100 |
_aKim Kirsner; Angela O'Brien-Malone; Mike Anderson; Craig Speelman; Murray Maybery _91000073 |
||
| 245 | 0 | _aImplicit and Explicit Mental Processes | |
| 260 | _bTaylor and Francis | ||
| 260 | _c1998 | ||
| 856 | _uhttp://www.taylorfrancis.com/books/9780203773321 | ||
| 942 | _cEBOOK | ||
| 999 |
_c1566894 _d1566894 |
||